Bytový dom

Na minha lista:
Detalhes bibliográficos
Autor principal: Kubačka, Pavel (Author)
Outros Autores: Jankovichová, Eva (Thesis advisor)
Formato: Manuscrito Livro
Idioma:eslovaco
Publicado em: 2021
Assuntos:
Acesso em linha:http://is.stuba.sk/zp/portal_zp.pl?podrobnosti=165876
https://opac.crzp.sk/?fn=detailBiblioForm&sid=DD8DDAB5DB598AB3935646515716
Tags: Adicionar Tag
Sem tags, seja o primeiro a adicionar uma tag!

MARC

LEADER 00000ntm a22000003a 4500
001 stuzp84200
003 SK-STU
005 20230515092455.2
007 ta
008 150427s2015----xo-----f-mn---000-0-slo-d
040 |a STU  |b slo 
041 0 |a slo 
100 1 |a Kubačka, Pavel  |u 010270  |4 aut  |U SvF Stavebná fakulta  |T SvF Katedra technológie stavieb  |X 87625  |U V270  |Y 28  |7 87625 
242 0 1 |a Apartment house  |y eng 
245 1 0 |a Bytový dom 
260 |c 2021 
650 4 |a kamenný koberec  |2 slo 
650 4 |a bytový dom  |2 slo 
650 4 |a časový harmonogram  |2 slo 
650 4 |a stone carpet  |2 eng 
650 4 |a apartment building  |2 eng 
650 4 |a time schedule  |2 eng 
700 1 |a Jankovichová, Eva  |u 010270  |k Z1  |4 ths  |U SvF Stavebná fakulta  |T SvF Katedra technológie stavieb  |X 647  |U V270  |Y 28  |7 A000000647 
856 4 |u http://is.stuba.sk/zp/portal_zp.pl?podrobnosti=165876 
856 4 |u https://opac.crzp.sk/?fn=detailBiblioForm&sid=DD8DDAB5DB598AB3935646515716